Quiz Geografía - Españolizaciones - Estadísticas

Estadísticas generales
  • Esta prueba ha sido intentada 253 veces
  • La puntuación promedio es 5 de 15
Estadísticas de respuestas
Nombre español Idioma original Nombre original % Correcto
Pekín Chino Beijing
80%
País Vasco Vasco Euskadi
68%
Burdeos Francés Bordeaux
63%
Florencia Italiano Firenze
56%
Bombay Maratí Mumbai
41%
Ginebra Francés Génève
36%
Amberes Flamenco Antwerp
33%
Grecia Griego Ellada
32%
Maguncia Alemán Mainz
24%
Pilsen Checo Plzen
21%
Leópolis Ucraniano Lviv
18%
Gales Galés Cymru
17%
Moscú Ruso Moskva
16%
Járkov Ucraniano Kharkiv
12%
Corea del Sur Coreano Daehan/Namhan
4%
No se encontraron pruebas coincidentes
Distribución de puntuación
Porcentaje de gente con cada puntuación
Porcentaje por número respondido
Historial de tus puntuaciones
No has intentado esta prueba.